Gaming Quiz

Random Gaming or Pokémon Quiz

Before Battling Brock Quiz Stats

 Plays Quiz Updated Apr 13, 2014

Support Sporcle.
Go Orange.
Score 0/27 Timer 04:00
2 Plays Today
Location Pokémon % Correct
Professor Oak's LabCharmander
96.4%
Professor Oak's LabBulbasaur
96%
Professor Oak's LabSquirtle
95.9%
Professor Oak's Lab - EvolutionCharizard
94.4%
Professor Oak's Lab - EvolutionBlastoise
93%
Professor Oak's Lab - EvolutionIvysaur
92.9%
Professor Oak's Lab - EvolutionCharmeleon
92.7%
Professor Oak's Lab - EvolutionWartortle
91.4%
Viridian Forest - EvolutionButterfree
90.2%
Viridian Forest|Route 2Caterpie
90.1%
Viridian ForestPikachu
90%
Viridian Forest|Route 2Weedle
89.6%
Professor Oak's Lab - EvolutionVenusaur
89.5%
Viridian ForestMetapod
89.3%
Location Pokémon % Correct
Route 1|Route 2Pidgey
89.1%
Viridian Forest - EvolutionBeedrill
88.6%
Viridian ForestKakuna
88.3%
Route 1|Route 2 - Evolution Pidgeot
87.6%
Route 1|Route 2 - Evolution Pidgeotto
86.6%
Route 1|Route 2|Route 22Rattata
85.3%
Route 1|Route 2|Route 22Raticate
82%
Route 22Spearow
71.2%
Route 22 - EvolutionFearow
70.7%
Route 22Nidoran♀
66%
Route 22Nidoran♂
66%
Route 22 - EvolutionNidorina
65%
Route 22 - EvolutionNidorino
64.9%

You're not logged in!

Compare scores with friends on all Sporcle quizzes.
OR
Log In
Forgot?

From the Vault

NCAA Champion to NBA 1st Round Pick

by Dreamcast0102

It seems like this should happen every year.
Remove Ads.
Support Sporcle.
Get the best of Sporcle when you Go Orange. This ad-free experience offers more features, more stats, and more fun while also helping to support Sporcle. Thank you for becoming a member.

Show Comments

Extras

Top Quizzes Today


Score Distribution

Your Account Isn't Verified!

In order to create a playlist on Sporcle, you need to verify the email address you used during registration. Go to your Sporcle Settings to finish the process.

Report this User

Report this user for behavior that violates our Community Guidelines.

Details: